[Event "Euro Online U2300 Day 2"]
[Site "chess.com INT"]
[Date "2020.05.26"]
[Round "4"]
[White "Saveliev, Alexei"]
[Black "Ivic, Velimir"]
[Result "1-0"]
[WhiteTitle "IM"]
[BlackTitle "GM"]
[WhiteElo "2352"]
[BlackElo "2548"]
[WhiteFideId "24128546"]
[BlackFideId "950122"]
[EventDate "2020.05.26"]

1. e4 c5 2. Nf3 Nc6 3. Nc3 e5 4. Bc4 Be7 5. d3 d6 6. O-O Nf6 7. Ng5 O-O 8. f4
Bg4 9. Qe1 exf4 10. Bxf4 Nd4 11. Qf2 h6 12. Nf3 Nxf3+ 13. gxf3 Bh3 14. Rfe1 Nh5
15. Bg3 Kh7 16. Nd5 f5 17. f4 Qd7 18. a4 Bd8 19. c3 Nf6 20. Qf3 Nxd5 21. Bxd5
Bf6 22. Bf2 Bg4 23. Qg2 Rae8 24. Bg3 fxe4 25. dxe4 Be6 26. Rad1 Bg4 27. Rd2 Qxa4
28. f5 Bg5 29. Rd3 Rd8 30. Be6 Qa6 31. c4 Bh5 32. Bd5 Bf6 33. Kh1 Bf7 34. b3
Bxd5 35. Rxd5 Rfe8 36. Qf3 Qc6 37. Qg4 Kh8 38. Bf4 Rd7 39. Qg6 Rf8 40. Rg1 Qc8
41. Bxd6 Rfd8 42. Bf4 Rxd5 43. cxd5 Re8 44. Bxh6 1-0

[Event "Euro Online U2300 Day 2"]
[Site "chess.com INT"]
[Date "2020.05.26"]
[Round "4"]
[White "Tymrakiewicz, Rafal"]
[Black "Samadov, Read"]
[Result "0-1"]
[WhiteTitle "FM"]
[BlackTitle "CM"]
[WhiteElo "2253"]
[BlackElo "2332"]
[WhiteFideId "1108832"]
[BlackFideId "13417444"]
[EventDate "2020.05.26"]

1. e4 c5 2. d4 cxd4 3. c3 dxc3 4. Nxc3 Nc6 5. Nf3 e6 6. Bc4 a6 7. O-O Nge7 8.
Bg5 h6 9. Bh4 Qa5 10. Re1 Ng6 11. Bg3 Be7 12. e5 O-O 13. a3 f5 14. exf6 Bxf6 15.
Bd6 Be7 16. b4 Qh5 17. Ne4 Bxd6 18. Nxd6 Nf4 19. Re3 Qg6 20. Ne1 b5 21. Bb3 Ne5
22. Rg3 Qf6 23. Ra2 a5 24. bxa5 Ba6 25. Ne4 Qf7 26. Nd6 Qf6 27. Qd4 b4 28. Ne4
Qf5 29. Nd6 Qf6 30. Re3 Nc6 31. Qxf6 Rxf6 32. Ne4 Rf5 33. Nd6 Rc5 34. Rc2 Rxa5
35. g4 bxa3 36. Re4 Nh3+ 37. Kg2 Ng5 38. Ra4 Rxa4 39. Bxa4 Nb4 40. Rc1 Bf1+ 41.
Kxf1 Rxa4 42. h4 a2 43. Ra1 Nf7 44. Nb5 Nd5 45. f3 Ne5 46. Ke2 Ra5 47. Nd6 Nb4 0-1

[Event "Euro Online U2300 Day 2"]
[Site "chess.com INT"]
[Date "2020.05.26"]
[Round "4"]
[White "Miletic, Vuk"]
[Black "Laux, Dominik"]
[Result "1-0"]
[WhiteElo "2159"]
[BlackElo "2009"]
[WhiteFideId "16503406"]
[BlackFideId "12994219"]
[EventDate "2020.05.26"]

1. d4 d5 2. c4 c6 3. Nc3 Nf6 4. Nf3 dxc4 5. a4 Bf5 6. Ne5 Nbd7 7. Nxc4 Nb6 8.
Ne5 a5 9. f3 e6 10. e4 Bg6 11. Be3 Bb4 12. Be2 O-O 13. O-O Qe7 14. Qb3 Rfd8 15.
Rfd1 c5 16. Nb5 cxd4 17. Nxd4 Rac8 18. Nxg6 hxg6 19. Nxe6 Rxd1+ 20. Rxd1 Nxa4
21. Nf4 Nc5 22. Qc4 Kh7 23. Nd5 Nxd5 24. Qxd5 Ne6 25. Qb3 Qc7 26. Rc1 Qb8 27.
Rxc8 Qxc8 28. Qc4 Qd7 29. Qb5 Qc7 30. Qc4 Qe5 31. Qc2 Nd4 32. Qd1 Nf5 33. Bf2
Nd6 34. Qc2 f5 35. exf5 gxf5 36. Bd3 g6 37. g3 Qd5 38. Qe2 Qf7 39. Kg2 Kg7 40.
Be3 b5 41. Bd4+ Kh7 42. Qe5 Qf8 43. Bxb5 Nxb5 44. Qxb5 Qd6 45. Qb7+ Kh6 46. Qg7+
Kg5 47. h4+ Kh5 48. Qh7# 1-0

[Event "Euro Online U2300 Day 2"]
[Site "chess.com INT"]
[Date "2020.05.26"]
[Round "4"]
[White "Koskela, Niina"]
[Black "Gorodetzky, Matan"]
[Result "1-0"]
[WhiteTitle "WGM"]
[BlackTitle "FM"]
[WhiteElo "2197"]
[BlackElo "2284"]
[WhiteFideId "500755"]
[BlackFideId "2813394"]
[EventDate "2020.05.26"]

1. e4 e6 2. d3 d5 3. Nd2 Nf6 4. Ngf3 Be7 5. g3 O-O 6. Bg2 b5 7. O-O c5 8. Re1
Nc6 9. h4 b4 10. e5 Nd7 11. Nf1 a5 12. N1h2 Ba6 13. Ng4 Re8 14. Bf4 Bf8 15. Ng5
Nd4 16. Ne3 h6 17. Nh3 Nc6 18. Ng4 Qe7 19. h5 Rab8 20. Qd2 Nd4 21. c3 Nf5 22.
Ne3 bxc3 23. bxc3 d4 24. Nxf5 exf5 25. e6 fxe6 26. Bxb8 Nxb8 27. Nf4 e5 28. cxd4
cxd4 29. Ng6 Qf6 30. Qxa5 Bd6 31. Rad1 Rc8 32. Rc1 Rxc1 33. Rxc1 Kh7 34. Qb6 e4
35. dxe4 d3 36. e5 Bxe5 37. Qxf6 gxf6 38. Nxe5 fxe5 39. Rc7+ Kh8 40. Bf3 e4 41.
Bd1 Kg8 42. a4 Kf8 43. a5 Ke8 44. Ba4+ Kd8 45. Rh7 d2 46. Rxh6 Be2 47. Rd6+ Kc7
48. Rxd2 Bxh5 49. Bb5 Kb7 50. Rd5 Bg4 51. Rd6 Ka7 52. Kf1 Bf3 53. Ke1 Kb7 54.
Kd2 Kc7 55. Rb6 Bg4 56. Ke3 Bh3 57. Kf4 Bg4 58. Ke5 Bh3 59. Rh6 Kb7 60. Rxh3 1-0

[Event "Euro Online U2300 Day 2"]
[Site "chess.com INT"]
[Date "2020.05.26"]
[Round "4"]
[White "Galiana Fernandez, Adrian"]
[Black "Goltseva, Ekaterina"]
[Result "1/2-1/2"]
[WhiteTitle "FM"]
[BlackTitle "FM"]
[WhiteElo "2260"]
[BlackElo "2306"]
[WhiteFideId "32010150"]
[BlackFideId "24173770"]
[EventDate "2020.05.26"]

1. e4 e5 2. Nf3 Nc6 3. Bb5 a6 4. Ba4 Nf6 5. O-O Be7 6. Re1 b5 7. Bb3 d6 8. c3
O-O 9. h3 Nd7 10. d4 Bf6 11. a4 Rb8 12. axb5 axb5 13. Be3 Ne7 14. Nbd2 c5 15.
Nf1 cxd4 16. cxd4 exd4 17. Bxd4 Nc6 18. Ne3 Nxd4 19. Nxd4 Nc5 20. Nc6 Qc7 21.
Nxb8 Qxb8 22. Bd5 Bxb2 23. Rb1 Bc3 24. Re2 b4 25. Rc2 Qc7 26. Nc4 Bd7 27. Nxd6
Ba4 28. Nxf7 Bxc2 29. Ng5+ Kh8 30. Qxc2 Qf4 31. Nf3 Nd7 32. Qc1 Qf6 33. Qg5 h6
34. Qxf6 Nxf6 35. Nh4 Rd8 36. Ng6+ Kh7 37. Nf4 g5 38. Ne2 Nxd5 39. exd5 Bd2 40.
Rd1 Rxd5 41. Kf1 b3 42. Nc3 Rd4 43. Nb1 Be3 44. Rxd4 Bxd4 45. Ke2 Kg6 46. f3 Kf5
47. Kd3 Be5 48. Nd2 Kf4 49. Nxb3 Kg3 50. Ke4 Bf4 51. Kf5 Kxg2 52. Kg4 h5+ 53.
Kxh5 Kxh3 54. Nd4 Kg3 55. Ne6 Kxf3 56. Nxg5+ 1/2-1/2

[Event "Euro Online U2300 Day 2"]
[Site "chess.com INT"]
[Date "2020.05.26"]
[Round "4"]
[White "Rahal, Michael A"]
[Black "Timagin, Petr"]
[Result "0-1"]
[WhiteTitle "IM"]
[BlackTitle "FM"]
[WhiteElo "2333"]
[BlackElo "2337"]
[WhiteFideId "404691"]
[BlackFideId "4137698"]
[EventDate "2020.05.26"]

1. e4 c5 2. Nf3 g6 3. d4 cxd4 4. Nxd4 Bg7 5. c4 Nc6 6. Be3 Nf6 7. Nc3 O-O 8. Be2
b6 9. O-O Bb7 10. Ndb5 a6 11. Na3 e6 12. f4 d5 13. e5 d4 14. exf6 Bxf6 15. Bf2
dxc3 16. Qxd8 Raxd8 17. bxc3 Bxc3 18. Rab1 Nd4 19. Bd1 Ba5 20. Be1 Be4 21. Rb2
Nf5 22. Bxa5 bxa5 23. Re1 Bc6 24. Bg4 Rd3 25. Bxf5 gxf5 26. Nb1 Rfd8 27. Rb6 Be4
28. Kf2 R3d4 29. Nc3 Rxc4 30. Nxe4 fxe4 31. Re2 Rd3 32. Rxa6 Ra4 33. Rb6 Kg7 34.
Rbb2 f5 35. Rb7+ Kg6 36. Rb6 Kf6 37. Rb7 Rda3 38. Rbb2 h6 39. h4 Rd3 40. h5 Rda3
41. Rec2 Rb4 42. Ke2 Rg3 43. Kf2 Ra3 44. Ke2 Rxb2 45. Rxb2 Rg3 46. Kf2 Ra3 47.
Rc2 Ke7 48. Rc7+ Kf6 49. Rc2 a4 50. Rb2 Rc3 51. Ke2 a3 52. Rd2 Rg3 53. Kf1 Rg4
54. Ke2 Rxg2+ 55. Ke3 Rxd2 56. Kxd2 e5 57. Ke3 exf4+ 58. Kxf4 Ke6 0-1

[Event "Euro Online U2300 Day 2"]
[Site "chess.com INT"]
[Date "2020.05.26"]
[Round "4"]
[White "Hadzimanolis, Antonios"]
[Black "Yelisieiev, Yevhenii"]
[Result "0-1"]
[WhiteTitle "FM"]
[BlackTitle "IM"]
[WhiteElo "2214"]
[BlackElo "2407"]
[WhiteFideId "4202813"]
[BlackFideId "14139642"]
[EventDate "2020.05.26"]

1. e4 d6 2. d4 Nf6 3. Nc3 e5 4. dxe5 dxe5 5. Qxd8+ Kxd8 6. Bc4 Ke8 7. f3 c6 8.
a4 Bc5 9. Nge2 Ke7 10. Ng3 g6 11. h4 Be6 12. Bd3 h6 13. Bd2 a5 14. O-O-O Bf2 15.
Nce2 Nbd7 16. Rdf1 Bb6 17. Bc3 Rhd8 18. Kb1 Bc7 19. Bd2 Ng8 20. f4 Bg4 21. f5
Nc5 22. f6+ Ke8 23. Nc1 Nxa4 24. h5 g5 25. Nf5 Bxf5 26. Rxf5 Nc5 27. Bc3 Ne6 28.
Bc4 Nd4 29. Bxd4 Rxd4 30. Bd3 Rd6 31. Rhf1 Kd7 32. Rxe5 Rxf6 33. Ref5 Bf4 34.
Ne2 Rxf5 35. exf5 Be5 36. Bc4 f6 37. Be6+ Kc7 38. Nc1 Ne7 39. Nd3 Bd6 40. c4 b6
41. Kc2 a4 42. Ra1 Ra5 43. g4 c5 44. Kc3 Nc6 45. Bd5 Be5+ 46. Kd2 Nb4 47. Nxb4
cxb4 48. Kc2 a3 49. Ra2 Bxb2 50. Kb3 Kd6 51. Be6 Kc5 52. Bd5 Ra7 53. Be6 Re7 54.
Ka4 Re8 55. Kb3 Rd8 56. Ka4 Rd3 57. Bd5 b3 58. Rxa3 Bxa3 59. Kxa3 Rxd5 60. cxd5
Kxd5 61. Kxb3 Ke4 62. Kb4 Kf4 63. Kb5 Kxg4 0-1

[Event "Euro Online U2300 Day 2"]
[Site "chess.com INT"]
[Date "2020.05.26"]
[Round "4"]
[White "Kacharava, Nikolozi"]
[Black "Berdnyk, Mariia"]
[Result "1-0"]
[WhiteTitle "IM"]
[BlackTitle "FM"]
[WhiteElo "2437"]
[BlackElo "2324"]
[WhiteFideId "13611860"]
[BlackFideId "14137054"]
[EventDate "2020.05.26"]

1. e4 c5 2. Nf3 d6 3. d4 cxd4 4. Qxd4 Nc6 5. Bb5 Bd7 6. Bxc6 Bxc6 7. Nc3 Nf6 8.
Bg5 e6 9. O-O-O Be7 10. Qd3 O-O 11. Nd4 Qa5 12. f4 Rfc8 13. g4 b5 14. Kb1 b4 15.
Nxc6 Rxc6 16. Ne2 Rac8 17. Bxf6 Bxf6 18. g5 Bc3 19. Nc1 Qa4 20. Rhg1 Bd4 21. Rg2
e5 22. Nb3 Ra6 23. Nc1 Rc3 24. Qe2 Re3 25. Qc4 Qc6 26. Qxc6 Rxc6 27. fxe5 dxe5
28. Re2 Rh3 29. Nb3 Rd6 30. Red2 Re3 31. Rd3 Rxe4 32. c3 bxc3 33. bxc3 f5 34.
cxd4 exd4 35. Rxd4 Rdxd4 36. Rxd4 Re1+ 37. Kc2 Rg1 38. h4 Kf7 39. Nd2 Kg6 40.
Ra4 Kh5 41. Rxa7 Kxh4 42. Rxg7 Ra1 43. Rxh7+ Kxg5 44. Kb2 Rd1 45. Nc4 f4 46. Rf7
Kg4 47. a4 Rd4 48. Kc3 Rd1 49. a5 Ra1 50. Kb4 Kg3 51. Rg7+ Kf2 52. Rf7 f3 53.
Nd2 Ke3 54. Nxf3 Rb1+ 55. Kc5 Rc1+ 56. Kb6 Rb1+ 57. Kc6 Rc1+ 58. Kb7 Rb1+ 59.
Ka7 Rf1 60. a6 1-0

[Event "Euro Online U2300 Day 2"]
[Site "chess.com INT"]
[Date "2020.05.26"]
[Round "4"]
[White "Basa, Manasvita"]
[Black "Vashchilov, Sergey"]
[Result "1/2-1/2"]
[WhiteElo "1711"]
[BlackElo "2176"]
[WhiteFideId "1060228"]
[BlackFideId "13506676"]
[EventDate "2020.05.26"]

1. e4 e6 2. d4 d5 3. e5 c5 4. c3 Qb6 5. Nf3 Nc6 6. Be2 Bd7 7. O-O Nh6 8. Bxh6
gxh6 9. Qd2 Bg7 10. Na3 a6 11. Rab1 cxd4 12. cxd4 Nb4 13. Nc2 Nxc2 14. Qxc2 Rc8
15. Qd2 O-O 16. Rfc1 a5 17. a3 Bb5 18. Bxb5 Qxb5 19. b4 axb4 20. Rxb4 Qa6 21.
Rcb1 Rc7 22. R4b3 Rfc8 23. Ne1 Qa7 24. Qf4 Qa6 25. Nd3 b6 26. h3 Rc3 27. Ne1 Qe2
28. Rxb6 Rxa3 29. Rb7 Rf8 30. R7b2 Qc4 31. Qg4 Kh8 32. Rb8 Ra8 33. R8b4 Qc3 34.
Nf3 Ra1 35. Kh2 Rxb1 36. Rxb1 Qd3 37. Rb7 Qg6 38. Qf4 Kg8 39. Nh4 Qg5 40. Qg3
Rc8 41. Qf3 Rf8 42. Qg3 Qxg3+ 43. Kxg3 Rc8 44. Rb3 Rc4 45. Nf3 Bf8 46. Rb8 Kg7
47. Kg4 Bb4 48. Kf4 Bc3 49. Ke3 Bb4 50. Kd3 Rc3+ 51. Ke2 Rc2+ 52. Kd1 Rc4 53.
Ke2 Rc2+ 54. Kd1 Rc4 55. Ke2 Rc2+ 1/2-1/2

[Event "Euro Online U2300 Day 2"]
[Site "chess.com INT"]
[Date "2020.05.26"]
[Round "4"]
[White "Sedina, Elena"]
[Black "Skalsky, Alexandr"]
[Result "1-0"]
[WhiteTitle "IM"]
[WhiteElo "2299"]
[BlackElo "2251"]
[WhiteFideId "812153"]
[BlackFideId "381799"]
[EventDate "2020.05.26"]

1. e4 c5 2. Nf3 d6 3. Bb5+ Nd7 4. O-O a6 5. Bd3 Ngf6 6. c3 c4 7. Bxc4 Nxe4 8. d4
Ndf6 9. Re1 d5 10. Be2 Bf5 11. Nbd2 e6 12. Ne5 Bd6 13. Nf1 Qc7 14. f3 Nc5 15.
Nxf7 Kxf7 16. dxc5 Bxc5+ 17. Be3 Rhe8 18. Bxc5 Qxc5+ 19. Qd4 Nd7 20. Rad1 Bg6
21. Ne3 Qxd4 22. Rxd4 Rad8 23. Bf1 Ne5 24. Rf4+ Kg8 25. Rd4 Nc6 26. Rd2 Bf7 27.
f4 Rd7 28. Ng4 Red8 29. Ne5 Nxe5 30. Rxe5 d4 31. cxd4 Rxd4 32. Rxd4 Rxd4 33. g3
Rd5 34. Kf2 Rd2+ 35. Re2 Rxe2+ 36. Bxe2 Kf8 37. Ke3 Ke7 38. Kd4 Kd6 39. Bd3 h6
40. Be4 b6 41. b4 Be8 42. a3 a5 43. Bb7 axb4 44. axb4 Ba4 45. Bc8 Bd1 46. Ba6
Bh5 47. h4 Bg4 48. Bd3 Bh5 49. Be4 Be8 50. Bf3 Bf7 51. g4 Bg6 52. g5 hxg5 53.
fxg5 e5+ 54. Ke3 Ke6 55. h5 Bh7 56. Bg4+ Kd5 57. Bf3+ Kd6 58. Be4 Bg8 59. h6
gxh6 60. gxh6 1-0

[Event "Euro Online U2300 Day 2"]
[Site "chess.com INT"]
[Date "2020.05.26"]
[Round "4"]
[White "Krivenko, Sergey"]
[Black "Marjanovic, Annamaria"]
[Result "0-1"]
[BlackTitle "WGM"]
[WhiteElo "2279"]
[BlackElo "2338"]
[WhiteFideId "24124753"]
[BlackFideId "750930"]
[EventDate "2020.05.26"]

1. d4 Nf6 2. c4 g6 3. Nc3 Bg7 4. e4 d6 5. Bg5 O-O 6. Qd2 c5 7. d5 e6 8. Be2 exd5
9. cxd5 a6 10. a4 Nbd7 11. Nf3 Qe8 12. Qc2 h6 13. Bf4 Qe7 14. O-O Re8 15. Bd3
Nh5 16. Be3 Nf8 17. Nd2 Bd7 18. Nc4 Rab8 19. Nb6 Qh4 20. g3 Qd8 21. a5 Bh3 22.
Rfe1 Nd7 23. Nc4 Qf6 24. Be2 Ne5 25. Nxe5 Qxe5 26. Qd2 Kh7 27. f4 Qe7 28. Bf3
Nf6 29. Kh1 Ng4 30. Bg1 h5 31. Rad1 b5 32. axb6 Rxb6 33. Bg2 Bxg2+ 34. Kxg2 Qb7
35. Re2 Rb8 36. Rb1 Rb3 37. Nd1 Qb5 38. h3 Nh6 39. Qc2 a5 40. Ne3 Bd4 41. Nc4
Bxg1 42. Rxg1 Qa6 43. Rc1 a4 44. f5 Re8 45. fxg6+ fxg6 46. e5 dxe5 47. Rxe5 Rxe5
48. Nxe5 Qd6 49. Re1 Qxd5+ 50. Kh2 Nf5 51. g4 Qd4 52. gxf5 Rxb2 53. fxg6+ Kg7
54. Qxb2 Qxb2+ 55. Kg3 Qc3+ 56. Kf2 a3 57. Re2 Qd4+ 58. Kf3 a2 59. Nc6 Qd5+ 60.
Kf4 a1=Q 0-1

[Event "Euro Online U2300 Day 2"]
[Site "chess.com INT"]
[Date "2020.05.26"]
[Round "4"]
[White "Sjoberg, Isak"]
[Black "Zubcu, Vlad-George"]
[Result "1/2-1/2"]
[WhiteElo "2189"]
[BlackElo "2199"]
[WhiteFideId "1521640"]
[BlackFideId "1219715"]
[EventDate "2020.05.26"]

1. e4 e5 2. Nf3 Nc6 3. d4 exd4 4. Nxd4 Nf6 5. Nc3 Bb4 6. Nxc6 bxc6 7. Bd3 d5 8.
exd5 Qe7+ 9. Qe2 Qxe2+ 10. Kxe2 cxd5 11. Bf4 c6 12. Na4 O-O 13. c3 Re8+ 14. Kd2
Bf8 15. Rhe1 Bd7 16. b4 d4 17. a3 dxc3+ 18. Nxc3 a5 19. Rxe8 Bxe8 20. b5 cxb5
21. Nxb5 Rd8 22. Nc7 Bc6 23. f3 h6 24. Rc1 Bd7 25. Rc3 Bf5 26. Ke2 Bxd3+ 27.
Rxd3 Rxd3 28. Kxd3 Bxa3 29. Kc4 Bb4 30. Kb5 g5 31. Bc1 Bd6 32. Bb2 Bxh2 33. Bxf6
Bxc7 34. Bc3 Kh7 35. Kc6 Bd8 36. Kd7 Bb6 37. Kc6 Be3 38. Bxa5 Kg6 39. Kd5 Kf5
40. Bc7 h5 41. Bd6 h4 42. Bc7 Bf4 43. Bb6 Be5 44. Be3 f6 45. Bc1 Bf4 46. Ba3 Be3
47. Bd6 Bf4 48. Ba3 Bd2 49. Bd6 Bc3 50. Bc7 Be5 51. Bb6 Kf4 52. Bf2 h3 53. gxh3
Kxf3 54. Be1 Kg2 55. h4 g4 56. h5 Bf4 57. Ke4 Bg5 58. Kf5 Kh3 59. Bf2 Kg2 60.
Be1 Kf3 61. Kg6 Ke2 62. Bg3 Kf3 63. Be1 g3 64. Bxg3 Kxg3 65. h6 Bxh6 66. Kxf6 1/2-1/2

[Event "Euro Online U2300 Day 2"]
[Site "chess.com INT"]
[Date "2020.05.26"]
[Round "4"]
[White "Budrewicz, Krzysztof"]
[Black "Timoshin, Andrei"]
[Result "1-0"]
[WhiteElo "2227"]
[BlackElo "2132"]
[WhiteFideId "1127950"]
[BlackFideId "4503503"]
[EventDate "2020.05.26"]

1. d4 d5 2. c4 e6 3. Nf3 Nf6 4. Nc3 c5 5. cxd5 exd5 6. g3 Nc6 7. Bg2 Be7 8. O-O
O-O 9. dxc5 Bxc5 10. Bg5 d4 11. Bxf6 Qxf6 12. Ne4 Qe7 13. Nxc5 Qxc5 14. a3 a5
15. Rc1 Qb6 16. Qd2 Be6 17. Ne1 Ne5 18. Nd3 Nxd3 19. Qxd3 Qxb2 20. Rb1 Qc3 21.
Rxb7 Rab8 22. Ra7 Bc4 23. Qxc3 dxc3 24. Rc1 Bxe2 25. Bb7 Rbd8 26. Rxa5 Rd7 27.
Be4 Rc7 28. f4 Re8 29. Kf2 Bg4 30. Re5 Rd8 31. Ke3 f6 32. Rd5 Re8 33. Kd4 c2 34.
a4 Rb7 35. Rb5 Ra7 36. Bxc2 Be2 37. Bb3+ Kh8 38. Rb6 Rd7+ 39. Kc3 Rc8+ 40. Kb2
Rd2+ 41. Rc2 Rdxc2+ 42. Bxc2 h5 43. Bg6 h4 44. gxh4 Ra8 45. Rb4 Kg8 46. h5 Kf8
47. Be4 Ra7 48. Bc6 Bxh5 49. Rb8+ Ke7 50. Rb7+ Rxb7+ 51. Bxb7 Kd6 52. a5 Kc7 53.
Bd5 Be2 54. Kc3 g5 55. f5 Bg4 56. Be4 Be2 57. Kd4 Kd6 58. Bb7 Kc7 59. Bd5 Kd6
60. Bc4 Bg4 61. Bd3 Bf3 62. a6 Kc7 63. Kc5 Bg2 64. Bc4 Be4 65. Bd5 Bxd5 66. Kxd5
Kb6 67. Ke6 Kxa6 68. Kxf6 1-0

[Event "Euro Online U2300 Day 2"]
[Site "chess.com INT"]
[Date "2020.05.26"]
[Round "4"]
[White "Rusu, Vlad"]
[Black "Hasanagic, Anel"]
[Result "1-0"]
[BlackTitle "CM"]
[WhiteElo "1833"]
[BlackElo "2235"]
[WhiteFideId "55623344"]
[BlackFideId "14605791"]
[EventDate "2020.05.26"]

1. e4 c6 2. d4 d5 3. exd5 cxd5 4. Bd3 Nf6 5. Bf4 Nc6 6. c3 g6 7. Nd2 Bg7 8. Qb3
O-O 9. h3 b6 10. Ngf3 Bf5 11. Bxf5 gxf5 12. O-O Ne4 13. Nxe4 fxe4 14. Ne5 Nxe5
15. dxe5 e6 16. f3 exf3 17. Rxf3 Qh4 18. Raf1 Rac8 19. Qd1 Rc4 20. Qd2 Kh8 21.
Bg5 Qh5 22. Rf6 Re4 23. R6f3 Rxe5 24. Be7 Rg8 25. Rxf7 Re2 26. Qd3 Be5 27. Rxh7+
Qxh7 28. Qxe2 Qxe7 29. Qxe5+ Qg7 30. Qh5+ Qh7 31. Qxh7+ Kxh7 32. Rf7+ Kg6 33.
Rxa7 Kf5 34. Rb7 Ke4 35. Rxb6 e5 36. Kf2 d4 37. cxd4 exd4 38. g4 d3 39. Rb4+ Kd5
40. Ke3 Kc5 41. Rd4 Rh8 42. Rxd3 Rxh3+ 43. Ke4 Rh2 44. Rg3 Rxb2 45. g5 Rxa2 46.
Kf5 Kd6 47. Re3 Rf2+ 48. Kg6 Rf1 49. Kg7 Rg1 50. g6 Rg2 51. Kf7 Rf2+ 52. Kg8 Rg2
53. g7 Rg1 54. Rf3 Ke7 55. Re3+ Kd7 56. Rf3 Ke7 57. Rf7+ Ke8 58. Rf6 Ke7 59. Rf2
Ke8 60. Re2+ Kd7 61. Rh2 Ke7 62. Kh7 Kf7 63. Rf2+ Ke7 64. g8=Q Rh1+ 65. Kg7 Rg1+
66. Kh8 Rh1+ 67. Qh7+ Rxh7+ 68. Kxh7 1-0

[Event "Euro Online U2300 Day 2"]
[Site "chess.com INT"]
[Date "2020.05.26"]
[Round "4"]
[White "Plaksin, Igor"]
[Black "Kanyamarala, Tarun"]
[Result "1-0"]
[BlackTitle "FM"]
[WhiteElo "1868"]
[BlackElo "2381"]
[WhiteFideId "34182117"]
[BlackFideId "45004714"]
[EventDate "2020.05.26"]

1. e4 c5 2. Nf3 Nc6 3. d4 cxd4 4. Nxd4 Nf6 5. Nc3 e5 6. Ndb5 d6 7. Bg5 a6 8. Na3
b5 9. Nd5 Be7 10. Bxf6 Bxf6 11. h4 O-O 12. c3 g6 13. g3 Bg7 14. Bg2 Ne7 15. Nc2
Nxd5 16. Qxd5 Be6 17. Qd2 a5 18. O-O Qb6 19. Ne3 Bh6 20. Nd5 Bxd2 21. Nxb6 Rab8
22. Nd5 Bxd5 23. exd5 b4 24. c4 Rfc8 25. b3 f5 26. Rfd1 Bc3 27. Rac1 e4 28. a4
Kg7 29. Rc2 Be5 30. Re2 Kf6 31. Kf1 Re8 32. Rc2 Rbc8 33. Ke2 h6 34. f4 exf3+ 35.
Kxf3 h5 36. Re2 Bc3 37. Rxe8 Rxe8 38. Kf2 Ke5 39. Rd3 f4 40. gxf4+ Kxf4 41. Rf3+
Kg4 42. Rg3+ Kxh4 43. Rxg6 Be1+ 44. Kf3 Bg3 45. Re6 Rf8+ 46. Ke3 Rf2 47. Bf3 Rb2
48. Rh6 Rxb3+ 49. Ke4 Kg5 50. Rxh5+ Kg6 51. Rh3 Be1 52. Bh5+ Kg5 53. Rxb3 Kxh5
54. c5 dxc5 55. d6 Kg6 56. d7 Bh4 57. Rd3 Bd8 58. Kd5 Be7 59. Kc4 Bd8 60. Kxc5
Kf6 61. Kd6 Kf5 62. Re3 Kf4 63. Re8 Bf6 64. Rf8 1-0

[Event "Euro Online U2300 Day 2"]
[Site "chess.com INT"]
[Date "2020.05.26"]
[Round "4"]
[White "Tomilova, Elena"]
[Black "Erdogan, Anil Berk"]
[Result "0-1"]
[WhiteTitle "WGM"]
[BlackTitle "CM"]
[WhiteElo "2353"]
[BlackElo "2155"]
[WhiteFideId "4162340"]
[BlackFideId "6348173"]
[EventDate "2020.05.26"]

1. d4 Nf6 2. Bg5 e6 3. e4 c5 4. d5 h6 5. Bxf6 Qxf6 6. Nc3 a6 7. Nf3 d6 8. a4 Nd7
9. dxe6 fxe6 10. a5 Be7 11. Be2 O-O 12. O-O Ne5 13. Nd2 Bd7 14. f4 Ng6 15. e5
Qf7 16. exd6 Bxd6 17. Nc4 Bxf4 18. Bh5 Bc6 19. Qg4 e5 20. b3 Be8 21. g3 Qf6 22.
Nd5 Qc6 23. Rad1 Bg5 24. Rxf8+ Nxf8 25. Nxe5 Qe6 26. Nc7 Qxe5 27. Nxe8 Rxe8 28.
Bxe8 Qxe8 29. Qf3 Qe3+ 30. Qxe3 Bxe3+ 31. Kg2 Kf7 32. Rd8 Bd4 33. Kf3 Ke7 34.
Rb8 Nd7 35. Rg8 Kd6 36. c4 Kc7 37. Re8 Ne5+ 38. Ke4 Nc6 39. Rg8 Nxa5 40. h4 Nxb3
41. g4 a5 42. Ra8 Nd2+ 43. Kd5 Nf3 44. h5 Nh2 45. Rxa5 Nxg4 46. Ra3 Nf6+ 47. Ke6
Nxh5 48. Kf7 Nf4 49. Rf3 Ne2 50. Rf1 Nc3 51. Ke6 Kc6 52. Rf8 b5 53. Rc8+ Kb7 54.
Rg8 bxc4 55. Kd6 Kb6 56. Rb8+ Ka5 57. Kc6 Ka4 58. Rb7 Ka3 59. Rb6 h5 60. Kd6 h4
61. Rb8 Na4 62. Rh8 c3 63. Rxh4 c2 64. Rh1 Kb2 0-1

[Event "Euro Online U2300 Day 2"]
[Site "chess.com INT"]
[Date "2020.05.26"]
[Round "4"]
[White "Risteski, Emil"]
[Black "Sergeev, Nikita S."]
[Result "1-0"]
[WhiteElo "2159"]
[BlackElo "1335"]
[WhiteFideId "15005267"]
[BlackFideId "34253670"]
[EventDate "2020.05.26"]

1. e4 e6 2. d4 d5 3. Nd2 a6 4. Ngf3 c5 5. exd5 exd5 6. dxc5 Bxc5 7. Nb3 Ba7 8.
Bd3 Nf6 9. Qe2+ Be6 10. Nbd4 Qe7 11. Nxe6 Qxe6 12. Qxe6+ fxe6 13. O-O Nc6 14. c3
O-O 15. Bf4 Ne4 16. Bg3 Nxg3 17. hxg3 e5 18. Bc2 e4 19. Nh2 Ne5 20. Rad1 Rad8
21. b3 b5 22. g4 g5 23. g3 Kg7 24. Kg2 h6 25. Kg1 Rd7 26. Kg2 Rc8 27. f4 exf3+
28. Nxf3 Nxg4 29. Rfe1 Ne3+ 30. Rxe3 Bxe3 31. Bf5 Rcd8 32. Bxd7 Rxd7 33. Ne5 Rc7
34. Rxd5 Rxc3 35. Rd7+ Kf6 36. Ng4+ Ke6 37. Rh7 Kf5 38. Nxe3+ Rxe3 39. Rxh6 Re2+
40. Kf3 Rxa2 41. g4+ Ke5 42. Rg6 Ra3 43. Rxg5+ Kd4 44. Kf4 Rxb3 45. Rg8 Rb1 46.
Ra8 Rf1+ 47. Kg5 Ra1 48. Kf6 Rf1+ 49. Kg6 Rg1 50. g5 Ra1 51. Kf7 Ke5 52. g6 Rf1+
53. Kg7 Rf6 54. Ra7 Kf5 55. Rf7 Rxf7+ 56. gxf7 b4 57. f8=Q+ Ke4 58. Qxb4+ Kd5
59. Qa5+ Kc4 60. Qxa6+ Kc5 61. Qg6 Kd5 62. Kf6 Kd4 63. Qf5 Kc4 64. Ke5 Kc3 65.
Qe4 Kd2 66. Kd4 Kc1 67. Qg2 Kb1 68. Kc3 Ka1 69. Qb2# 1-0

[Event "Euro Online U2300 Day 2"]
[Site "chess.com INT"]
[Date "2020.05.26"]
[Round "4"]
[White "Sirosh, Ilja"]
[Black "Krallis, Christos"]
[Result "1/2-1/2"]
[WhiteTitle "IM"]
[WhiteElo "2405"]
[BlackElo "2284"]
[WhiteFideId "4500458"]
[BlackFideId "4298896"]
[EventDate "2020.05.26"]

1. d4 Nf6 2. c4 e6 3. g3 d5 4. Nf3 Be7 5. Bg2 O-O 6. O-O c6 7. Qc2 b6 8. Nbd2
Bb7 9. e4 Na6 10. a3 dxc4 11. e5 Nd5 12. Ne4 h6 13. Qxc4 c5 14. dxc5 Nxc5 15.
Nxc5 Bxc5 16. Qg4 f5 17. exf6 Qxf6 18. Bd2 a5 19. Rad1 Rae8 20. b4 axb4 21. axb4
Nxb4 22. Bxb4 Bxf3 23. Bxf3 Qxf3 24. Qxf3 Rxf3 25. Bxc5 bxc5 26. Rc1 Rf5 27.
Rfd1 Rc8 28. Rd7 c4 29. Rd4 c3 30. Rd3 c2 31. Kf1 Kf7 32. Ke2 Kf6 33. Rd2 Rfc5
34. Kd3 Rd8+ 35. Ke2 Rxd2+ 36. Kxd2 Kf5 37. f3 e5 38. Ke3 Rc3+ 39. Ke2 e4 40.
fxe4+ Kxe4 41. Kd2 Rc8 42. Re1+ Kf3 43. Kc1 Rc7 44. Re6 Kg2 45. Re2+ Kh3 46. Rf2
g5 47. Re2 h5 48. Rf2 Rc3 49. Rf5 Kg4 50. Rd5 Rc8 51. Rd4+ Kf3 52. Rd5 Rg8 53.
Kxc2 Kg2 54. Rd2+ Kg1 55. Kd1 Rf8 56. Rd5 g4 57. Rxh5 Rf1+ 58. Ke2 Rf2+ 59. Ke3
Rxh2 60. Rg5 Kg2 61. Rxg4 Kh3 62. Kf3 Rf2+ 63. Kxf2 Kxg4 64. Kg2 Kg5 65. Kf3 Kf5
66. g4+ Kg5 67. Kg3 Kg6 68. Kh4 Kh6 69. Kh3 Kg5 70. Kg3 Kg6 71. Kf4 Kf6 72. g5+
Kg6 73. Kg4 Kg7 74. Kf5 Kf7 75. g6+ Kg7 76. Kg5 Kg8 77. Kh6 Kh8 78. Kh5 Kg7 79.
Kg5 Kg8 80. Kf6 Kf8 81. g7+ Kg8 82. Kg6 1/2-1/2